01176nam a2200301 i 4500001001000000003000900010005001700019007000300036008004100039020001800080040003000098041000800128082002700136110005900163245010400222250002300326264008600349300002800435336002700463337003300490338002800523500007300551650004700624650005500671650002400726700004600750710007800796000037818DO-SdBNP20260516192341.0ta130306s2012 dr 000 0 spa d a9789993450139 aDO-SdBNPbspacBNPHUerda aspa 4a372.8327293bF143e222 aFacultad Latinoamericana de Ciencias Sociales (FLACSO)03aLa educación cívica y ciudadana en República Dominicana /ccompilador, Magda Pepén Peguero. aPrimera edición  4aSanto Domingo :bEditora Facultad Latinioamericana de Ciencias Sociales,c©2012. a134 páginas ;c26 cm. atextobtxt2rdacontent asin mediaciónbn2rdamedia avolumenbnc2rdacarrier aIncluye referencias bibliográficas y notas al pie de las páginas 72LembaCiudadaníazRepública Dominicana 72LembaEducación cívicazRepública Dominicana 72LembaCiudadanía 1 aPepén Peguero, Magdaecompilador4comp.2 aFacultad de Latinoamericana de Ciencias Sociales (República Dominicana)